000 00814 a2200253 4500
005 20251112121507.0
008 251112b |||||||| |||| 00| 0 eng d
020 _a9781394210671 (pbk)
037 _cTB
040 _aCRL
_cCRL
041 _2eng
_aeng
084 _aR4 Q4;R5
_qCRL
245 _aEthics in practice:
_ban anthology
250 _a6th Ed.
260 _aNew Jersey, Canada:
_bWiley Blackwell,
_c2025.
300 _ax, 786p.
365 _b60.95
_cUSD
490 _aBlackwell philosophy anthologies
650 _aPhilosophy
_9850902
650 _aEthics
_9850903
700 _aLafollette, Hugh
_eeditor.
_9850904
942 _cTB
_2CC
_n0
_hR4 Q4;R5
999 _c1435854
_d1435854